00903nam a2200217Ia 4500003000900000008004100009020001800050040001600068080002300084111007900107245027000186260003700456300001500493490002700508650004100535650001000576650002100586650001700607700002400624710003700648IN-BaIIA211028s9999 xx 000 0 eng d a0-7923-1782-3 cIIA Library a082.2:52bIAU-S152 aSymposium of the International Astronomical UnioncBrazild1991 July 15-19 0aChaos, resonance and collective dynamical phenomena in the solar systembproceedings of the 152nd symposium of the International Astronomical Union, held in Angra Dos Reis, Brazil, July 15-19, 1991cedited by S. Ferraz-Mello  aDordrechtbKluwer Academicc1992 axii, 416p. aIAU Symposium; no. 152 aAstronomy and Astrophysics Thesaurus aChaos aPlanetary System aSolar System aFerraz-Mello, S ed. aInternational Astronomical Union